[Event "Mitropa Cup 24th"]
[Site "Steinbrunn"]
[Date "2005.05.26"]
[Round "6"]
[White "Braun, Arik"]
[Black "Pelletier, Yannick"]
[Result "1/2-1/2"]
[WhiteElo "2469"]
[BlackElo "2610"]
[Annotator "Pelletier"]
[PlyCount "69"]
[EventDate "2005.05.21"]
[EventType "team-tourn"]
[EventRounds "9"]
[EventCountry "AUT"]
[Source "ChessBase"]
[SourceDate "2005.07.01"]
[WhiteTeam "Germany"]
[BlackTeam "Switzerland"]
[WhiteTeamCountry "GER"]
[BlackTeamCountry "SUI"]

1. d4 Nf6 2. c4 e6 3. Nc3 Bb4 4. e3 O-O 5. Bd3 d5 6. Nf3 c5 7. O-O Nc6 8. a3
Bxc3 9. bxc3 Qc7 10. Bb2 dxc4 11. Bxc4 e5 12. Be2 Rd8 13. Qc2 Bg4 14. dxe5 Nxe5
15. c4 Nxf3+ 16. gxf3 Bh3 17. Rfe1 ({Ein ganz seltener Zug gegenüber} 17. Rfd1)
17... Qc6 18. Rad1 $146 Ne8 ({Schwächt unnötig das Feld d5. Nützlicher war} 
18... b6 $5) 19. Be5 $1 (19. Qe4 Qg6+ 20. Qxg6 hxg6 21. f4 Be6 (21... Rxd1 22.
Rxd1 b6 23. Bf3 Rc8 24. Be5) 22. Bf3 Nd6 $11) 19... f6 (19... Qg6+ 20. Qxg6
hxg6 21. Rd5 b6 22. Red1 Rxd5 23. cxd5 Bd7 24. e4 b5 {war vielleicht möglich,
aber ich befürchtete hier das weiße Läuferpaar.}) (19... Qe6 20. Bg3 Bf5 21. e4
Bg6 22. Rd5 Rxd5 23. cxd5 Qxd5 24. Rc1 $14) 20. Bg3 {[%cal Gg3c7] Der Läufer
steht hier besser als auf der langen Diagonale.} Be6 $2 ({Ich verzichtete hier
auf} 20... Nd6 {wegem Qualitätsopfer 21.Rd5, aber es funktionniert nicht gut.}
21. Rd2 {ist besser:} (21. Rd5 Be6 22. Red1 Bxd5 23. cxd5 Qc7 24. e4 {[%csl
Gd5,Ge4][%cal Gf3f4,Ge4e5]} Re8 {[%cal Gd6e4,Ge8e4] und Schwarz hält gut.})
21... Rd7 22. Red1 Rad8 $13 23. Rd5 $140 Be6 24. e4 Bxd5 25. cxd5 Qb6 26. f4
Nb5 {[%csl Gd4]}) 21. Kg2 $6 ({Nach} 21. Bd3 {wollte ich selber die Qualität
opfern, aber Weiß steht danach besser:} Rxd3 22. Rxd3 Qxf3 23. e4 Qh5 24. f4 (
24. Red1 Bg4 25. R1d2 $16) 24... Qf7 (24... f5 25. exf5) 25. Qa4 $16 {[%csl
Re8]}) 21... Nd6 22. Bd3 h6 (22... Bg4 $2 23. Bxh7+ Kh8 24. Rd5 Nxc4 25. Rxd8+
Rxd8 26. Be4 Qe6 27. fxg4 $18) 23. Rd2 Rd7 24. Red1 (24. Bh7+ Kf8 25. Rxd6 Rxd6
26. Be4 Qd7 27. Bxd6+ Qxd6 28. Rb1 Rb8) 24... Rad8 25. Bh7+ Kf8 26. Rxd6 Rxd6
27. Rxd6 Rxd6 28. Be4 Qd7 29. Bxd6+ Qxd6 30. Bxb7 Qe5 31. f4 ({Weiß muss genau
spielen.} 31. Be4 {ist auch nicht genug wegen} Qa1 32. Qa4 Bh3+ 33. Kxh3 Qf1+
34. Kh4 h5 $1 $11 (34... Qxf2+ 35. Kh5 $18) 35. Kxh5 $140 $2 Qh3+ 36. Kg6 Qh6+
37. Kf5 Qh5+ 38. Ke6 Qe5+ 39. Kd7 Qe8+) ({Am besten war} 31. Qd3 $1 Qg5+ 32.
Kh1 Ke7 33. f4 Qh4 34. Qc2 $14 {[%csl Rc4,Ge7,Rh1]}) 31... Qh5 32. Qd3 $6 ({
Führt zum Dauerschach, aber Schwarz hat genug Spiel nach} 32. f3 Qf7 33. Ba6
Qd7 34. Bb5 Qd6 35. f5 Bf7) 32... Qg4+ 33. Kh1 Bxc4 34. Qxc4 (34. Qd8+ Kf7 $11)
34... Qd1+ 35. Kg2 1/2-1/2

[Event "Mitropa Cup 25th"]
[Site "Brno"]
[Date "2006.09.07"]
[Round "1.4"]
[White "Bosiocic, Marin"]
[Black "Colin, Vincent"]
[Result "0-1"]
[WhiteElo "2433"]
[BlackElo "2415"]
[PlyCount "160"]
[EventDate "2006.09.07"]
[EventType "team-tourn"]
[EventRounds "9"]
[EventCountry "CZE"]
[Source "ChessBase"]
[SourceDate "2006.11.03"]
[WhiteTeam "Croatia"]
[BlackTeam "France"]
[WhiteTeamCountry "CRO"]
[BlackTeamCountry "FRA"]

1. e4 c5 2. Nf3 g6 3. d4 Bg7 4. c4 cxd4 5. Nxd4 Nc6 6. Be3 Nf6 7. Nc3 O-O 8.
Be2 b6 9. O-O Bb7 10. f3 e6 11. Qd2 d5 12. cxd5 exd5 13. Nxc6 Bxc6 14. e5 Ne8
15. f4 f6 16. Bd4 fxe5 17. fxe5 Nc7 18. Bg4 Qh4 19. h3 h5 20. Bf3 Ne6 21. Bf2
Qf4 22. Be3 Qxe5 23. Bxd5 Bxd5 24. Nxd5 Rad8 25. Rxf8+ Bxf8 26. Rd1 Rxd5 27.
Qxd5 Qxe3+ 28. Kh1 Qe2 29. Qd3 Qxd3 30. Rxd3 a5 31. Rd7 Bc5 32. g3 Ng5 33. Kg2
Nf7 34. Rc7 Kg7 35. a3 Kf6 36. b4 axb4 37. axb4 Bd4 38. Rd7 Be3 39. Rd3 Bh6 40.
Rc3 Ne5 41. Rc8 Be3 42. Kf1 Kf5 43. Ke2 Ke4 44. h4 Bd4 45. Rd8 Nc6 46. Rd6 Ne5
47. Rd8 Ng4 48. Rg8 Kf5 49. Rd8 Be5 50. Kf3 Nf6 51. Rc8 Bd4 52. Rd8 Ke5 53. Rc8
Kd6 54. Rd8+ Ke5 55. Rc8 Kd5 56. Ke2 Be5 57. Kf3 Bd6 58. b5 Ng4 59. Rg8 Bc5 60.
Kf4 Be3+ 61. Kf3 Kd4 62. Re8 Ne5+ 63. Ke2 Ke4 64. Re6 Bc5 65. Rf6 Kd5 66. Rf4
Bd4 67. Rf8 Kc4 68. Rd8 Bb2 69. Ke3 Ba1 70. Kd2 Kxb5 71. Kc2 Kc4 72. Rc8+ Kd5
73. Rd8+ Ke4 74. Rd1 Bd4 75. Rf1 Nf3 76. Rb1 Bc5 77. Rd1 Ke3 78. Rd7 Kf2 79.
Rg7 Ne5 80. g4 hxg4 0-1

[Event "Mitropa Cup 25th"]
[Site "Brno"]
[Date "2006.09.07"]
[Round "1.4"]
[White "Brkic, Ante"]
[Black "Abergel, Thal"]
[Result "1-0"]
[WhiteElo "2547"]
[BlackElo "2477"]
[PlyCount "153"]
[EventDate "2006.09.07"]
[EventType "team-tourn"]
[EventRounds "9"]
[EventCountry "CZE"]
[Source "ChessBase"]
[SourceDate "2006.11.03"]
[WhiteTeam "Croatia"]
[BlackTeam "France"]
[WhiteTeamCountry "CRO"]
[BlackTeamCountry "FRA"]

1. e4 c5 2. Nf3 Nc6 3. d4 cxd4 4. Nxd4 Nf6 5. Nc3 d6 6. Bg5 Qb6 7. Be3 a6 8.
Qd2 Qc7 9. f3 Nxd4 10. Qxd4 e6 11. g4 Nd7 12. O-O-O Ne5 13. Be2 Bd7 14. f4 Nc6
15. Qb6 Qxb6 16. Bxb6 Rc8 17. h4 Be7 18. g5 Nb8 19. h5 Bc6 20. Bd4 O-O 21. Rhg1
b5 22. a3 Nd7 23. f5 Rfe8 24. g6 e5 25. Be3 h6 26. Rg3 Nf6 27. Rdg1 Bf8 28. Bd3
Red8 29. Kb1 Nxh5 30. Rh3 Nf6 31. Bg5 Be7 32. Bh4 fxg6 33. Rxg6 Kf8 34. Rhg3
Ne8 35. Bxe7+ Kxe7 36. f6+ gxf6 37. Rxh6 d5 38. exd5 Bxd5 39. Bf5 Rc4 40. Rh7+
Kd6 41. Nxd5 Kxd5 42. Rh8 Kd6 43. Rgg8 Ke7 44. Rh7+ Kd6 45. Rhh8 Ke7 46. Rh7+
Kd6 47. Ra7 Rc6 48. Bg6 Rcc8 49. Rxa6+ Ke7 50. Ra7+ Ke6 51. Bf7+ Kf5 52. Re7
Nd6 53. Be6+ Kf4 54. Rg4+ Kf3 55. Bxc8 Nxc8 56. Reg7 f5 57. Rg3+ Kf4 58. Rg1 e4
59. Rf1+ Ke5 60. Kc1 e3 61. Rf7 Ke4 62. Rf6 Re8 63. R6xf5 Nd6 64. R5f4+ Ke5 65.
Kd1 Rh8 66. Ke2 Rh2+ 67. Kxe3 Rxc2 68. R4f2 Rc4 69. Rh2 b4 70. Rh5+ Ke6 71.
Rh6+ Ke5 72. Rh5+ Ke6 73. axb4 Rxb4 74. Kd3 Rb3+ 75. Kc2 Re3 76. Rh6+ Ke5 77.
Rh2 1-0

[Event "Mitropa Cup 25th"]
[Site "Brno"]
[Date "2006.09.07"]
[Round "1.4"]
[White "Gozzoli, Yannick"]
[Black "Saric, Ante"]
[Result "1-0"]
[WhiteElo "2470"]
[BlackElo "2475"]
[PlyCount "41"]
[EventDate "2006.09.07"]
[EventType "team-tourn"]
[EventRounds "9"]
[EventCountry "CZE"]
[Source "ChessBase"]
[SourceDate "2006.11.03"]
[WhiteTeam "France"]
[BlackTeam "Croatia"]
[WhiteTeamCountry "FRA"]
[BlackTeamCountry "CRO"]

1. d4 Nf6 2. c4 e6 3. Nf3 b6 4. g3 Ba6 5. Qc2 c6 6. e4 d5 7. cxd5 Bxf1 8. Kxf1
cxd5 9. e5 Nfd7 10. Bg5 f6 11. exf6 gxf6 12. Bf4 Bg7 13. Nc3 a6 14. Nxd5 exd5
15. Re1+ Kf7 16. Bc7 Qg8 17. Qf5 Bf8 18. Bxb8 Nxb8 19. Qxd5+ Kg7 20. Qxa8 Bb4
21. Qb7+ 1-0

[Event "Mitropa Cup 25th"]
[Site "Brno"]
[Date "2006.09.07"]
[Round "1.4"]
[White "Le Roux, Jean Pierre"]
[Black "Jankovic, Alojzije"]
[Result "1/2-1/2"]
[WhiteElo "2496"]
[BlackElo "2525"]
[PlyCount "97"]
[EventDate "2006.09.07"]
[EventType "team-tourn"]
[EventRounds "9"]
[EventCountry "CZE"]
[Source "ChessBase"]
[SourceDate "2006.11.03"]
[WhiteTeam "France"]
[BlackTeam "Croatia"]
[WhiteTeamCountry "FRA"]
[BlackTeamCountry "CRO"]

1. c4 Nf6 2. Nf3 g6 3. g3 Bg7 4. Bg2 d5 5. cxd5 Nxd5 6. Nc3 e5 7. O-O Ne7 8. e3
Nbc6 9. d4 exd4 10. exd4 Bg4 11. d5 Nd4 12. Qa4+ Bd7 13. Qc4 Nxf3+ 14. Bxf3 O-O
15. Bg5 h6 16. Bxe7 Qxe7 17. Qxc7 Rac8 18. Qxb7 Bxc3 19. bxc3 Rxc3 20. Bg2 Ra3
21. d6 Qxd6 22. Rad1 Rd3 23. Rxd3 Qxd3 24. Qxa7 Rc8 25. a4 Kg7 26. h4 Qd2 27.
a5 Bc6 28. Qc5 Bxg2 29. Qe5+ Kg8 30. Kxg2 Rc2 31. h5 gxh5 32. a6 Ra2 33. a7 Qa5
34. Qb8+ Kh7 35. Rd1 Qxa7 36. Qf4 Ra6 37. Qf5+ Kg7 38. Qe5+ Rf6 39. Rd4 Qb7+
40. Kh2 Kg6 41. Rd6 Qf3 42. Rxf6+ Qxf6 43. Qe4+ Qf5 44. Qd4 f6 45. Kg1 Qf3 46.
Qc4 Qd1+ 47. Kg2 Qd7 48. Qg8+ Kf5 49. Qh8 1/2-1/2

[Event "Mitropa Cup 25th"]
[Site "Brno"]
[Date "2006.09.07"]
[Round "1.5"]
[White "Kanovsky, David"]
[Black "Kalod, Radek"]
[Result "0-1"]
[WhiteElo "2368"]
[BlackElo "2512"]
[PlyCount "82"]
[EventDate "2006.09.07"]
[EventType "team-tourn"]
[EventRounds "9"]
[EventCountry "CZE"]
[Source "ChessBase"]
[SourceDate "2006.11.03"]
[WhiteTeam "Czech Republic II"]
[BlackTeam "Czech Republic"]
[WhiteTeamCountry "CZE"]
[BlackTeamCountry "CZE"]

1. e4 c5 2. Nf3 e6 3. d4 cxd4 4. Nxd4 a6 5. Bd3 Nf6 6. O-O Qc7 7. Qe2 d6 8. c4
g6 9. b3 Bg7 10. Bb2 O-O 11. Kh1 Nbd7 12. Nd2 b6 13. f4 Bb7 14. N4f3 Rad8 15.
Rae1 e5 16. f5 Nc5 17. Bb1 b5 18. b4 Na4 19. Ba1 Bc6 20. Rc1 Rc8 21. Bd3 Qb7
22. fxg6 hxg6 23. cxb5 axb5 24. Rc2 Bd7 25. Rfc1 Bh6 26. Rxc8 Rxc8 27. Rf1 Ng4
28. Qe1 Kg7 29. h3 Rh8 30. Bc2 Bf4 31. Bb3 f6 32. Nd4 Ne3 33. Rxf4 exf4 34. Qf2
g5 35. Nc2 Bxh3 36. Nxe3 Qc8 37. Kg1 Qc1+ 38. Qf1 Qxd2 39. Nd5 Bxg2 40. Bxf6+
Kg6 41. Bxh8 Bxf1 0-1

[Event "Mitropa Cup 25th"]
[Site "Brno"]
[Date "2006.09.07"]
[Round "1.5"]
[White "Polak, Tomas"]
[Black "Bernasek, Jan"]
[Result "1/2-1/2"]
[WhiteElo "2473"]
[BlackElo "2459"]
[PlyCount "88"]
[EventDate "2006.09.07"]
[EventType "team-tourn"]
[EventRounds "9"]
[EventCountry "CZE"]
[Source "ChessBase"]
[SourceDate "2006.11.03"]
[WhiteTeam "Czech Republic"]
[BlackTeam "Czech Republic II"]
[WhiteTeamCountry "CZE"]
[BlackTeamCountry "CZE"]

1. Nf3 f5 2. g3 Nf6 3. Bg2 g6 4. d4 Bg7 5. c3 O-O 6. O-O e6 7. Nbd2 Qe7 8. a4
a5 9. Qc2 Nc6 10. e4 Nxe4 11. Nxe4 fxe4 12. Qxe4 d6 13. Bg5 Qf7 14. Qh4 Bd7 15.
Rae1 Rae8 16. Bh6 Bxh6 17. Qxh6 Qg7 18. Qd2 Nd8 19. b3 Bc6 20. Ng5 Bxg2 21.
Kxg2 e5 22. dxe5 Rxe5 23. Rxe5 Qxe5 24. Re1 Qf6 25. f4 h6 26. Qd5+ Kh8 27. Nf3
b6 28. Nd4 Kg7 29. Re4 Qf7 30. c4 Qd7 31. Re3 Re8 32. Rxe8 Qxe8 33. Kf2 Qe7 34.
h3 Qf6 35. Qe4 Kf7 36. Ke3 Ne6 37. Nxe6 Qxe6 38. g4 c6 39. Qxe6+ Kxe6 40. Ke4
Kf6 41. Kd4 Kf7 42. Kd3 Ke7 43. Kd4 Kf6 44. Kd3 Kf7 1/2-1/2

[Event "Mitropa Cup 25th"]
[Site "Brno"]
[Date "2006.09.07"]
[Round "1.5"]
[White "Simacek, Pavel"]
[Black "Cvek, Robert"]
[Result "0-1"]
[WhiteElo "2500"]
[BlackElo "2509"]
[PlyCount "106"]
[EventDate "2006.09.07"]
[EventType "team-tourn"]
[EventRounds "9"]
[EventCountry "CZE"]
[Source "ChessBase"]
[SourceDate "2006.11.03"]
[WhiteTeam "Czech Republic II"]
[BlackTeam "Czech Republic"]
[WhiteTeamCountry "CZE"]
[BlackTeamCountry "CZE"]

1. d4 e6 2. Nf3 d5 3. Bg5 Nf6 4. e3 Be7 5. Bd3 h6 6. Bh4 c5 7. c3 Qb6 8. Qc1
Nc6 9. Nbd2 Bd7 10. Ne5 cxd4 11. exd4 Nxe5 12. dxe5 Ng4 13. Bg3 h5 14. h3 Ne3
15. Nf3 h4 16. Bh2 Nc4 17. b3 Na5 18. O-O Bb5 19. Qd2 Bxd3 20. Qxd3 Nc6 21. b4
Rc8 22. Bf4 Rh5 23. a4 a6 24. a5 Qb5 25. Qxb5 axb5 26. a6 bxa6 27. Rxa6 Rf5 28.
Bh2 Bd8 29. Rd1 g6 30. Kf1 Kd7 31. Ke2 Kc7 32. Rxc6+ Kxc6 33. Nd4+ Kd7 34. Nxf5
gxf5 35. Rd3 f6 36. f4 Rc4 37. Kf3 fxe5 38. fxe5 Bg5 39. g3 hxg3 40. Bxg3 Re4
41. Bh2 Ke7 42. Bg3 Kf7 43. Bh2 Kg6 44. Bg3 f4 45. Bf2 Kf5 46. Bd4 Re1 47. Rd2
Rh1 48. Kg2 f3+ 49. Kxh1 Bxd2 50. Kg1 Be1 51. Kh2 Ke4 52. Kg1 Kd3 53. Kf1 Bxc3
0-1

[Event "Mitropa Cup 25th"]
[Site "Brno"]
[Date "2006.09.07"]
[Round "1.2"]
[White "Braun, Arik"]
[Black "Petrik, Tomas"]
[Result "1-0"]
[WhiteElo "2526"]
[BlackElo "2523"]
[PlyCount "43"]
[EventDate "2006.09.07"]
[EventType "team-tourn"]
[EventRounds "9"]
[EventCountry "CZE"]
[Source "ChessBase"]
[SourceDate "2006.11.03"]
[WhiteTeam "Germany"]
[BlackTeam "Slovakia"]
[WhiteTeamCountry "GER"]
[BlackTeamCountry "SVK"]

1. d4 Nf6 2. Nf3 e6 3. e3 b6 4. Bd3 Bb7 5. O-O c5 6. c4 Be7 7. Nc3 cxd4 8. exd4
d5 9. cxd5 Nxd5 10. Ne5 O-O 11. Qg4 Nf6 12. Qh4 Ne4 13. Qh3 Qxd4 14. Bf4 Nf6
15. Ne2 Qa4 16. Bg5 h6 17. Bxh6 gxh6 18. Qxh6 Ne4 19. Rae1 Qe8 20. Bxe4 Bxe4
21. Nf4 f5 22. Re3 1-0

[Event "Mitropa Cup 25th"]
[Site "Brno"]
[Date "2006.09.07"]
[Round "1.2"]
[White "Brener, Ilja"]
[Black "Repkova, Eva"]
[Result "1-0"]
[WhiteElo "2327"]
[BlackElo "2351"]
[PlyCount "65"]
[EventDate "2006.09.07"]
[EventType "team-tourn"]
[EventRounds "9"]
[EventCountry "CZE"]
[Source "ChessBase"]
[SourceDate "2006.11.03"]
[WhiteTeam "Germany"]
[BlackTeam "Slovakia"]
[WhiteTeamCountry "GER"]
[BlackTeamCountry "SVK"]

1. e4 d5 2. exd5 Qxd5 3. Nc3 Qa5 4. d4 c6 5. Nf3 Nf6 6. Bc4 Bf5 7. Bd2 e6 8.
Nd5 Qd8 9. Nxf6+ Qxf6 10. Qe2 Nd7 11. O-O-O Nb6 12. Bg5 Qg6 13. h4 Bg4 14. d5
f6 15. dxc6 fxg5 16. cxb7 Rb8 17. Bb5+ Ke7 18. Qe5 Rxb7 19. Qd6+ Kf7 20. Ne5+
Kg8 21. Qxf8+ Kxf8 22. Nxg6+ hxg6 23. Rd8+ Ke7 24. Rxh8 Bf5 25. hxg5 Rc7 26. c3
Nd5 27. Re8+ Kd6 28. f3 Rb7 29. a4 a6 30. Bxa6 Ra7 31. Bb5 Nc7 32. Rd1+ Ke5 33.
Rb8 1-0

[Event "Mitropa Cup 25th"]
[Site "Brno"]
[Date "2006.09.07"]
[Round "1.2"]
[White "Meszaros, Michal"]
[Black "Meier, Georg"]
[Result "0-1"]
[WhiteElo "2420"]
[BlackElo "2450"]
[PlyCount "90"]
[EventDate "2006.09.07"]
[EventType "team-tourn"]
[EventRounds "9"]
[EventCountry "CZE"]
[Source "ChessBase"]
[SourceDate "2006.11.03"]
[WhiteTeam "Slovakia"]
[BlackTeam "Germany"]
[WhiteTeamCountry "SVK"]
[BlackTeamCountry "GER"]

1. e4 e6 2. d4 d5 3. Nd2 dxe4 4. Nxe4 Nd7 5. Nf3 Ngf6 6. Nxf6+ Nxf6 7. c3 c5 8.
Ne5 a6 9. Bg5 Qc7 10. Qa4+ Nd7 11. Nf3 cxd4 12. Qxd4 e5 13. Qh4 f6 14. Bd2 Nc5
15. b4 Na4 16. Bd3 Be6 17. O-O O-O-O 18. Bc2 Nb2 19. Bb3 Bf5 20. Bc1 Nd3 21.
Qc4 Nxc1 22. Raxc1 Qxc4 23. Bxc4 g6 24. Rcd1 Bh6 25. Bb3 Bd3 26. Rfe1 Bb5 27.
a4 Bc6 28. Kf1 Kc7 29. Ke2 a5 30. g3 Be4 31. Nd2 Bd3+ 32. Kf3 axb4 33. cxb4 Bf8
34. b5 Bb4 35. Rc1+ Kb8 36. Red1 Rd4 37. Nc4 Rhd8 38. Ne3 Bd2 39. Ra1 e4+ 40.
Kf4 Be2 41. Rdb1 Ba5 42. Nc2 Rd3 43. b6 Rf3+ 44. Kxe4 Re8+ 45. Kd5 Re5+ 0-1

[Event "Mitropa Cup 25th"]
[Site "Brno"]
[Date "2006.09.07"]
[Round "1.3"]
[White "Banusz, Tamas"]
[Black "Manca, Federico"]
[Result "1-0"]
[WhiteElo "2480"]
[BlackElo "2425"]
[PlyCount "113"]
[EventDate "2006.09.07"]
[EventType "team-tourn"]
[EventRounds "9"]
[EventCountry "CZE"]
[Source "ChessBase"]
[SourceDate "2006.11.03"]
[WhiteTeam "Hungary"]
[BlackTeam "Italy"]
[WhiteTeamCountry "HUN"]
[BlackTeamCountry "ITA"]

1. Nf3 Nf6 2. c4 g6 3. Nc3 c5 4. d4 cxd4 5. Nxd4 Bg7 6. e4 O-O 7. Be2 Nc6 8.
Be3 d6 9. f3 Nxd4 10. Bxd4 a5 11. Qd2 Bd7 12. O-O Bc6 13. Rab1 Nd7 14. Bf2 Nc5
15. b3 b6 16. Bd1 Ra7 17. a3 Nd7 18. Bc2 Ne5 19. Rfc1 f5 20. Nd5 Rb7 21. exf5
gxf5 22. f4 Ng6 23. Re1 e5 24. b4 Nxf4 25. Nxf4 Bh6 26. Ne6 Bxd2 27. Nxd8 Rxd8
28. Red1 Bg5 29. Bxf5 axb4 30. Rxb4 b5 31. cxb5 Bxb5 32. Be6+ Kh8 33. Bd5 Be2
34. Rxb7 Bxd1 35. h4 Bc1 36. Ra7 Re8 37. a4 Bb2 38. a5 Be2 39. Be4 Bd4 40.
Rxh7+ Kg8 41. Rd7 Rf8 42. Bxd4 exd4 43. Rxd6 Rf1+ 44. Kh2 Rd1 45. Kg3 Ra1 46.
Rxd4 Rxa5 47. Kf4 Rc5 48. Bf3 Bf1 49. g4 Ra5 50. h5 Bh3 51. Rd1 Bxg4 52. Bxg4
Ra4+ 53. Kg5 Ra5+ 54. Bf5 Ra8 55. Rd7 Kh8 56. Be6 Rf8 57. Re7 1-0

[Event "Mitropa Cup 25th"]
[Site "Brno"]
[Date "2006.09.07"]
[Round "1.3"]
[White "Borgo, Giulio"]
[Black "Papp, Gabor"]
[Result "1/2-1/2"]
[WhiteElo "2414"]
[BlackElo "2481"]
[PlyCount "67"]
[EventDate "2006.09.07"]
[EventType "team-tourn"]
[EventRounds "9"]
[EventCountry "CZE"]
[Source "ChessBase"]
[SourceDate "2006.11.03"]
[WhiteTeam "Italy"]
[BlackTeam "Hungary"]
[WhiteTeamCountry "ITA"]
[BlackTeamCountry "HUN"]

1. Nf3 c5 2. c4 Nf6 3. Nc3 e6 4. g3 b6 5. Bg2 Bb7 6. O-O Be7 7. Re1 d5 8. cxd5
Nxd5 9. d4 cxd4 10. Qa4+ Nd7 11. Nxd5 Bxd5 12. Nxd4 Bxg2 13. Kxg2 Qc7 14. Rd1
a6 15. Bf4 e5 16. Nf5 Qb7+ 17. f3 b5 18. Rxd7 Qxd7 19. Qe4 O-O 20. Bh6 Rac8 21.
Bxg7 Rc4 22. Bxe5 Bg5 23. Bd4 h5 24. h4 Bf6 25. Nh6+ Kg7 26. Nf5+ Kg8 27. Rd1
Bxd4 28. Nxd4 Re8 29. Qd3 Rxd4 30. Qxd4 Rxe2+ 31. Kf1 Qxd4 32. Rxd4 Rxb2 33. a4
b4 34. Ke1 1/2-1/2

[Event "Mitropa Cup 25th"]
[Site "Brno"]
[Date "2006.09.07"]
[Round "1.3"]
[White "Erdos, Viktor"]
[Black "Caruana, Fabiano"]
[Result "1-0"]
[WhiteElo "2528"]
[BlackElo "2444"]
[PlyCount "101"]
[EventDate "2006.09.07"]
[EventType "team-tourn"]
[EventRounds "9"]
[EventCountry "CZE"]
[Source "ChessBase"]
[SourceDate "2006.11.03"]
[WhiteTeam "Hungary"]
[BlackTeam "Italy"]
[WhiteTeamCountry "HUN"]
[BlackTeamCountry "ITA"]

1. d4 e6 2. c4 Bb4+ 3. Nd2 Nf6 4. a3 Bxd2+ 5. Bxd2 b6 6. Bg5 Bb7 7. e3 h6 8.
Bh4 d6 9. Ne2 Nbd7 10. Nc3 Qe7 11. f3 e5 12. Be2 g5 13. Bf2 O-O-O 14. d5 e4 15.
f4 Rhg8 16. O-O Rg6 17. f5 Rgg8 18. Nb5 Kb8 19. a4 Nc5 20. a5 Nfd7 21. axb6
axb6 22. b4 Nd3 23. Qa4 N7e5 24. Na7 Qe8 25. b5 Nc5 26. Qa3 f6 27. Bg3 Ned3 28.
Be1 Nxe1 29. Rfxe1 Qf7 30. Ra2 Rde8 31. Qc3 Rh8 32. Rea1 Rhg8 33. Qc2 Rh8 34.
Ra3 Rhg8 35. Nc6+ Kc8 36. Nd4 Kd7 37. Ne6 Qe7 38. Bh5 Ra8 39. Qa2 Rxa3 40. Qxa3
Rb8 41. Bg6 Rh8 42. Qa2 Rb8 43. Qa3 Nd3 44. Qc3 Ra8 45. Rxa8 Bxa8 46. Qd4 Nc5
47. Qd1 Kc8 48. Qh5 Kb8 49. Qxh6 Bb7 50. Qh8+ Ka7 51. Be8 1-0

[Event "Mitropa Cup 25th"]
[Site "Brno"]
[Date "2006.09.07"]
[Round "1.3"]
[White "Lettieri, Giuseppe"]
[Black "Berczes, David"]
[Result "0-1"]
[WhiteElo "2295"]
[BlackElo "2461"]
[PlyCount "42"]
[EventDate "2006.09.07"]
[EventType "team-tourn"]
[EventRounds "9"]
[EventCountry "CZE"]
[Source "ChessBase"]
[SourceDate "2006.11.03"]
[WhiteTeam "Italy"]
[BlackTeam "Hungary"]
[WhiteTeamCountry "ITA"]
[BlackTeamCountry "HUN"]

1. e4 c5 2. c3 d5 3. exd5 Qxd5 4. d4 Nf6 5. Nf3 e6 6. Bd3 Be7 7. O-O O-O 8. Be3
Rd8 9. c4 Qh5 10. Nc3 Nc6 11. Be2 Ng4 12. d5 Bd6 13. g3 exd5 14. Nxd5 Qh3 15.
Re1 Nce5 16. Nf4 Nxf3+ 17. Bxf3 Qxh2+ 18. Kf1 Bf5 19. Nd5 Ne5 20. Nf4 Nxf3 21.
Qxf3 Bxf4 0-1

[Event "Mitropa Cup 25th"]
[Site "Brno"]
[Date "2006.09.07"]
[Round "1.1"]
[White "Borisek, Jure"]
[Black "Jenni, Florian"]
[Result "1/2-1/2"]
[WhiteElo "2495"]
[BlackElo "2481"]
[PlyCount "114"]
[EventDate "2006.09.07"]
[EventType "team-tourn"]
[EventRounds "9"]
[EventCountry "CZE"]
[Source "ChessBase"]
[SourceDate "2006.11.03"]
[WhiteTeam "Slovenia"]
[BlackTeam "Switzerland"]
[WhiteTeamCountry "SLO"]
[BlackTeamCountry "SUI"]

1. e4 e5 2. Nf3 Nc6 3. Bb5 a6 4. Ba4 Nf6 5. O-O Be7 6. Re1 b5 7. Bb3 O-O 8. h3
Bb7 9. d3 Re8 10. Nc3 Bb4 11. Ng5 Re7 12. Nd5 Bxe1 13. Nxe7+ Qxe7 14. Qxe1 Nd4
15. f4 d5 16. exd5 Nxb3 17. axb3 Qc5+ 18. Qf2 Qxd5 19. fxe5 Qxe5 20. d4 Qd5 21.
Bf4 Nh5 22. Bd2 Re8 23. Nf3 Nf6 24. Re1 Re4 25. Bg5 Rxe1+ 26. Qxe1 Ne4 27. Qe2
h6 28. c4 Qf5 29. Bh4 Nd6 30. d5 Qf4 31. Qd2 Qxd2 32. Nxd2 Ne8 33. Ne4 g5 34.
Bg3 f5 35. Nc5 Bc8 36. Be5 f4 37. Kf2 Kf7 38. Kf3 Ke7 39. Ke4 Nd6+ 40. Bxd6+
cxd6 41. Nd3 Kf6 42. Kd4 bxc4 43. bxc4 h5 44. b4 f3 45. gxf3 Bxh3 46. c5 h4 47.
cxd6 Bf5 48. d7 Bxd7 49. Ke3 Bf5 50. Nc5 Ke5 51. Nxa6 Kxd5 52. Nc7+ Kc6 53. Ne8
Bd7 54. Nf6 Bf5 55. Kf2 Kb5 56. Nd5 g4 57. fxg4 Bxg4 1/2-1/2

[Event "Mitropa Cup 25th"]
[Site "Brno"]
[Date "2006.09.07"]
[Round "1.1"]
[White "Ekstroem, Roland"]
[Black "Sakelsek, Tadej"]
[Result "1-0"]
[WhiteElo "2461"]
[BlackElo "2432"]
[PlyCount "105"]
[EventDate "2006.09.07"]
[EventType "team-tourn"]
[EventRounds "9"]
[EventCountry "CZE"]
[Source "ChessBase"]
[SourceDate "2006.11.03"]
[WhiteTeam "Switzerland"]
[BlackTeam "Slovenia"]
[WhiteTeamCountry "SUI"]
[BlackTeamCountry "SLO"]

1. d4 Nf6 2. Bg5 e6 3. Nc3 h6 4. Bxf6 Qxf6 5. e4 d6 6. Qd2 g6 7. f4 Bg7 8. Nf3
a6 9. O-O-O b5 10. e5 dxe5 11. fxe5 Qe7 12. Ne4 Bb7 13. Bd3 Nd7 14. h4 Rd8 15.
Qa5 Rc8 16. Kb1 O-O 17. Qe1 Bxe4 18. Bxe4 c5 19. c3 cxd4 20. cxd4 Nb6 21. Bd3
Nd5 22. Qd2 Qb7 23. h5 b4 24. Ka1 a5 25. hxg6 fxg6 26. Bxg6 a4 27. Be4 a3 28.
b3 Rc3 29. Rxh6 Bxh6 30. Qxh6 Rfc8 31. Rh1 Qg7 32. Qxe6+ Kf8 33. Kb1 Ne7 34.
Nd2 Qf7 35. Rh8+ Ng8 36. Qd6+ Qe7 37. Nc4 Qxd6 38. exd6 Kg7 39. Rh7+ Kf6 40.
Rb7 Ke6 41. d5+ Kf6 42. Rxb4 Nh6 43. Nxa3 Re3 44. Bf3 Nf5 45. Nc4 Re1+ 46. Kb2
Ne3 47. Nxe3 Rxe3 48. d7 Rd8 49. Bg4 Rg3 50. Bh3 Ke5 51. Rc4 Kxd5 52. Rc8 Rgg8
53. a4 1-0

[Event "Mitropa Cup 25th"]
[Site "Brno"]
[Date "2006.09.07"]
[Round "1.1"]
[White "Moor, Olivier"]
[Black "Skoberne, Jure"]
[Result "1/2-1/2"]
[WhiteElo "2388"]
[BlackElo "2407"]
[PlyCount "38"]
[EventDate "2006.09.07"]
[EventType "team-tourn"]
[EventRounds "9"]
[EventCountry "CZE"]
[Source "ChessBase"]
[SourceDate "2006.11.03"]
[WhiteTeam "Switzerland"]
[BlackTeam "Slovenia"]
[WhiteTeamCountry "SUI"]
[BlackTeamCountry "SLO"]

1. d4 d6 2. c4 g6 3. Nc3 Bg7 4. e4 Nf6 5. Be2 O-O 6. Nf3 Na6 7. O-O e5 8. Be3
Ng4 9. Bg5 Qe8 10. dxe5 dxe5 11. Nd2 f6 12. Bh4 h5 13. a3 Be6 14. h3 Nh6 15. f3
Rd8 16. Bf2 Nb8 17. Qc1 f5 18. c5 Kh7 19. Bb5 Qf7 1/2-1/2